LEADER 03180 am 22005653u 450 001 9910130887403321 005 20230621140349.0 035 $a(CKB)3450000000002980 035 $a(SSID)ssj0000507546 035 $a(PQKBManifestationID)12188996 035 $a(PQKBTitleCode)TC0000507546 035 $a(PQKBWorkID)10549284 035 $a(PQKB)10873060 035 $a(EXLCZ)993450000000002980 100 $a20160829d2010 fy 0 101 0 $aeng 135 $aurmn#---||n|| 181 $ctxt$2rdacontent 182 $cc$2rdamedia 183 $acr$2rdacarrier 200 00$aBakhtin's theory of the literary chronotope $ereflections, applications, perspectives /$fNele Bemong, Pieter Borghart, Michel De Dobbeleer [and three others] 210 1$aGent, Belgium :$cAcademia Press,$d2010. 210 4$d©2010 215 $a1 online resource (v, 213 pages) $cdigital, PDF file(s) 300 $aBibliographic Level Mode of Issuance: Monograph 311 08$a9038215630 320 $aIncludes bibliographical references. 327 $aPart I. State of the art --Part II. Philosophical reflections --Part III. The relevance of the chronotope for literary history --Part IV. Chronotopical readings --Part V. Some perspectives for literary theory. 330 $aThis edited volume is the first scholarly tome exclusively dedicated to Mikhail Bakhtin?s theory of the literary chronotope. This concept, initially developed in the 1930s and used as a frame of reference throughout Bakhtin?s own writings, has been highly influential in literary studies. After an extensive introduction that serves as a ?state of the art?, the volume is divided into four main parts: Philosophical Reflections, Relevance of the Chronotope for Literary History, Chronotopical Readings and Some Perspectives for Literary Theory. These thematic categories contain contributions by well-established Bakhtin specialists such as Gary Saul Morson and Michael Holquist, as well as a number of essays by scholars who have published on this subject before. Together the papers in this volume explore the implications of Bakhtin?s concept of the chronotope for a variety of theoretical topics such as literary imagination, polysystem theory and literary adaptation; for modern views on literary history ranging from the hellenistic romance to nineteenth-century realism; and for analyses of well-known novelists and poets as diverse as Milton, Fielding, Dickinson, Dostoevsky, Papadiamandis and DeLillo. 606 $aCriticism 606 $aLanguages & Literatures$2HILCC 606 $aLiterature - General$2HILCC 610 $aChronotopes 615 0$aCriticism. 615 7$aLanguages & Literatures 615 7$aLiterature - General 676 $a801.95092 686 $a17.80$2bcl 702 $aDemoen$b Kristoffel 702 $aBorghart$b Pieter 702 $aBemong$b Nele 702 $aDe Dobbeleer$b Michel 702 $aDe Temmerman$b Koen 702 $aKeunen$b Bart 801 0$bPQKB 801 2$bUkMaJRU 906 $aBOOK 912 $a9910130887403321 996 $aBakhtin's theory of the literary chronotope$91978845 997 $aUNINA LEADER 01644oam 2200445I 450 001 9910704424503321 005 20130827135307.0 035 $a(CKB)5470000002441453 035 $a(OCoLC)841980040 035 $a(OCoLC)995470000002441453 035 $a(EXLCZ)995470000002441453 100 $a20130507d2013 ua 0 101 0 $aeng 135 $aurcn||||||||| 181 $ctxt$2rdacontent 182 $cc$2rdamedia 183 $acr$2rdacarrier 200 10$aAssessing the applicability of digital image correlation (DIC) technique in tensile testing of fabric composites /$fBrian P. Justusson, David M. Spagnuolo, and Jian H. Yu 210 1$aAberdeen Proving Ground, MD :$cArmy Research Laboratory,$d2013. 215 $a1 online resource (iv, 18 pages) $cillustrations (some color) 225 1 $aARL-TR ;$v6343 300 $aTitle from title screen (viewed on May 7, 2013). 300 $a"February 2013." 320 $aIncludes bibliographical references (page 16). 517 $aAssessing the applicability of digital image correlation 606 $aDigital image correlation 606 $aTextile fabrics$xTesting 615 0$aDigital image correlation. 615 0$aTextile fabrics$xTesting. 700 $aJustusson$b Brian P.$01389899 702 $aSpagnuolo$b David M. 702 $aYu$b Jian H. 712 02$aU.S. Army Research Laboratory, 801 0$bGPO 801 1$bGPO 801 2$bGPO 906 $aBOOK 912 $a9910704424503321 996 $aAssessing the applicability of digital image correlation (DIC) technique in tensile testing of fabric composites$93441940 997 $aUNINA LEADER 00978nac# 22002171i 450 001 UON00509029 005 20231205105448.927 100 $a20220608f |0itac50 ba 102 $aIT 105 $a|||| ||||| 110 $ab|||||||||| 200 1 $aDocumenti 210 $aMilano$cRizzoli 463 1$1001UON00509028$12001 $aBlack panthers$estoria delle Pantere Nere$fGene Marine$1210 $aMilano$cRizzoli$dc1971$1215 $a250 p., [4] c. di tav.$d23 cm$1300 $aTrad. di Francesco Saba Sardi. 463 1$1001UON00509838$12001 $aNé Cristo né Marx$edalla seconda rivoluzione americana alla seconda rivoluzione mondiale$fJean-François Revel$gcon un intervento di Mary McCarthy e una replica dell'autore$1210 $aMilano$cRizzoli$d1971$1215 $a257 p.$d23 cm$1300 $aTraduzione di Lydia Magliano. 620 $aIT$dMilano$3UONL000005 712 $aRizzoli$3UONV245928$4650 801 $aIT$bSOL$c20240220$gRICA 912 $aUON00509029 996 $aDocumenti$967015 997 $aUNIOR